| 000 | 01134nam a2200325Ia 4500 | ||
|---|---|---|---|
| 999 |
_c29171 _d29171 |
||
| 003 | GCL | ||
| 005 | 20240530102000.0 | ||
| 008 | 140319s9999 xx 000 0 ara d | ||
| 040 |
_aGCL / _cGCL |
||
| 082 | 0 | 4 |
_a520.9 / _bب ف _221 |
| 100 | 1 | _aبحار مجهول | |
| 245 | 1 | 0 |
_aفرجة الهموم والغموم فى العلاقات والمسافات والنجوم / _cبحار مجهول ؛ شرح وتحقيق حسن صالح شهاب |
| 260 |
_a[S.N] : _bالمجلس الوطنى للثقافة والفنون والاداب ، _c1984 |
||
| 490 |
_aالسلسلة التراثية _v0 |
||
| 650 | 0 | 4 | _aالتراث |
| 650 | 0 | 4 | _aالرحلات |
| 650 | 0 | 4 | _aالثقافة |
| 650 | 0 | 4 | _aالجغرافيا |
| 650 | 0 | 4 | _aالفلك |
| 650 | 0 | 4 | _aالبحار والمحيطات |
| 650 | 0 | 4 | _aالملاحة |
| 650 | 0 | 4 | _aالخرائط |
| 650 | 0 | 4 | _aخطوط الطول |
| 650 | 0 | 4 | _aخطوط العرض |
| 650 | 0 | 4 | _aالشمس |
| 650 | 0 | 4 | _aالفلك البحرى |
| 650 | 0 | 4 | _aالجغرافيا والملاحون |
| 700 | 0 |
_a حسن صالح شهاب _eشارح ومحقق |
|
| 942 |
_2ddc _cBK |
||